000
00316nam a2200145Ia 4500
100
_a
Stallings/William
250
_a
3
942
_c
BK
654
_a
cryptography
245
_a
Cryptography and network security
260
_b
Pearson Education
_c
2003
082
_a
5.82
_b
STA
300
_a
681
546
_a
ENGLISH
999
_c
23710
_d
23710